| 000 | 01331nam a22002537a 4500 | ||
|---|---|---|---|
| 005 | 20090121151350.0 | ||
| 008 | 090121t xxu||||| |||| 00| 0 hin d | ||
| 010 | _aHIN-93811 | ||
| 020 |
_c300.00 _a9788188212482 |
||
| 035 | _aHN-66157 | ||
| 037 | _bDBAD /PUB | ||
| 040 |
_aDPL _bHN |
||
| 082 | _a821.08 | ||
| 100 | _933818 | ||
| 245 |
_aसृजन-समाकलन (पूर्वार्द्ध ): _cश्रीरंजन सूरिदेव द्वारा संपादित _bडॉ. श्यामसुन्दर घोष की सृजनशीलता के साठ वर्षः सन 1948-2008 ई. / |
||
| 260 |
_aइलाहाबाद _bविभोर प्रकाशन _c2010 |
||
| 270 |
_a49-बी, हेस्टिंग रोड( सर्किट हाउस के सामने) _bइलाहाबाद _e211001 |
||
| 300 |
_a248पृ. _c22सेमी (सजिल्द) |
||
| 500 | _aकेवल भाग-1 उपलब्ध | ||
| 650 | _9697 | ||
| 700 |
_933853 _aश्रीरंजन सूरिदेव |
||
| 942 |
_2ddc _cHN _mसृजन _h821.08 |
||
| 999 |
_c56057 _d56057 |
||